NBA Champion Players - Sudden Death - Statistics

General Stats
  • This quiz has been taken 123,328 times
    115,947 since last reset
  • The average score is 11 of 24
Answers on the Grid
Answers color-coded by a green-red scale on the quiz's grid according to % correct below.
Allen Iverson
Anthony Davis
Anthony Edwards
Bill Laimbeer
Bill Russell
Bill Walton
Bob Pettit
Brook Lopez
Carmelo Anthony
Charles Barkley
Chris Paul
Chris Webber
Clyde Drexler
Damian Lillard
David Robinson
DeMar DeRozan
Derrick Rose
Dwight Howard
Gary Payton
George Mikan
Hakeem Olajuwon
James Harden
Jayson Tatum
Jerry West
Jimmy Butler
Joel Embiid
John Stockton
Jrue Holiday
Karl Malone
Kevin Durant
LeBron James
Luka Doncic
Michael Jordan
Moses Malone
Nikola Jokic
Rajon Rondo
Ray Allen
Reggie Miller
Rudy Gobert
Russell Westbrook
Steve Nash
Tony Parker
Tracy McGrady
Wilt Chamberlain
Zion Williamson
 
Answer Stats
Answer % Correct
Anthony Davis
79%
Bill Russell
75%
LeBron James
57%
Bill Walton
54%
Hakeem Olajuwon
52%
Jayson Tatum
52%
Kevin Durant
52%
Michael Jordan
50%
Nikola Jokic
50%
Brook Lopez
48%
David Robinson
48%
Bill Laimbeer
46%
Wilt Chamberlain
46%
Bob Pettit
45%
Jerry West
44%
Jrue Holiday
43%
Ray Allen
43%
Tony Parker
43%
Dwight Howard
42%
Rajon Rondo
41%
Clyde Drexler
33%
George Mikan
33%
Moses Malone
32%
Gary Payton
26%
No matching quizzes found
Score Distribution
Percent of People with Each Score
Percentile by Number Answered
Your Score History
You have not taken this quiz since the last reset